[Event "2023 Welsh Open"]
[Site "Cardiff"]
[Date "2023.04.08"]
[Round "3.10"]
[White "Chong, Kimberly"]
[Black "Probert, Malcolm"]
[Result "1-0"]
[WhiteElo "1683"]
[BlackElo "1564"]
[PlyCount "37"]
[EventDate "2023.04.07"]
[SourceVersionDate "2023.04.15"]

1. e4 d5 2. exd5 Qxd5 3. Nc3 Qd6 4. d4 g6 5. Nf3 Bg7 6. Ne4 Qb6 7. c3 Bf5 8. Ng3 Bg4 9. Bc4 Be6 10. d5 Bd7 11. Qc2 e6 12. Be3 Qd6 13. Ne4 Qe7 14. Bc5 Qd8 15. O-O-O Qc8 16. Neg5 h6 17. Nxf7 Kxf7 18. dxe6+ Bxe6 19. Bxe6+ 1-0

[Event "2023 Welsh Open"]
[Site "Cardiff"]
[Date "2023.04.08"]
[Round "3.11"]
[White "Bickford, Ben"]
[Black "Rovaretti, David"]
[Result "0-1"]
[WhiteElo "1482"]
[BlackElo "1641"]
[PlyCount "70"]
[EventDate "2023.04.07"]
[SourceVersionDate "2023.04.15"]

1. d4 e5 2. e3 exd4 3. exd4 d5 4. Nf3 Nf6 5. Bd3 h6 6. Bf4 Bg4 7. Nbd2 Bd6 8. Qe2+ Be6 9. Bxd6 Qxd6 10. c3 O-O 11. Qe5 Qxe5+ 12. Nxe5 Nbd7 13. Nxd7 Nxd7 14. Nf3 Rfe8 15. O-O Bg4 16. Nd2 Be2 17. Bxe2 Rxe2 18. Rfd1 Rae8 19. Kf1 Nf6 20. h3 g5 21. b3 g4 22. b4 h5 23. Nb3 Rc2 24. hxg4 Ree2 25. gxh5 Rxf2+ 26. Kg1 Rxg2+ 27. Kh1 Nxh5 28. Rd3 Ng3+ 29. Rxg3+ Rxg3 30. Nc5 b6 31. Nd7 Rg6 32. Ne5 Rh6+ 33. Kg1 Rxc3 34. Kf2 Rh2+ 35. Kg1 Rhc2 0-1

[Event "2023 Welsh Open"]
[Site "Cardiff"]
[Date "2023.04.08"]
[Round "3.12"]
[White "Morgans, Justin"]
[Black "Hollyman, Mike"]
[Result "1/2-1/2"]
[WhiteElo "1637"]
[BlackElo "1418"]
[PlyCount "103"]
[EventDate "2023.04.07"]
[SourceVersionDate "2023.04.15"]

1. e4 c6 2. Nf3 d5 3. exd5 cxd5 4. d4 Bg4 5. Be2 Nc6 6. c3 e6 7. Qb3 Qc7 8. Nbd2 Nf6 9. O-O Bd6 10. Re1 O-O 11. h3 Bh5 12. Nf1 e5 13. dxe5 Nxe5 14. Nxe5 Bxe2 15. Rxe2 Bxe5 16. Be3 Rfe8 17. Rae1 b6 18. Bg5 Ne4 19. Qxd5 Nxg5 20. Rxe5 Ne6 21. Qb3 h6 22. Ng3 Red8 23. Rd5 Nc5 24. Rxd8+ Rxd8 25. Qc2 Qf4 26. Re3 Qc4 27. b3 Qd5 28. c4 Qd1+ 29. Qxd1 Rxd1+ 30. Kh2 Rd2 31. Re2 Rxe2 32. Nxe2 Ne4 33. f3 Nf2 34. Nd4 Nd3 35. a3 f6 36. Kg1 Nc5 37. Kf2 Kf7 38. Ke3 g6 39. b4 Nb7 40. Nc6 Nd6 41. Kd3 Nc8 42. a4 Ke6 43. a5 Kd6 44. b5 a6 45. axb6 Nxb6 46. Nd8 axb5 47. cxb5 Kc5 48. Nf7 h5 49. Nh8 g5 50. Ke4 Nc4 51. Ng6 Nd6+ 52. Ke3 1/2-1/2

[Event "2023 Welsh Open"]
[Site "Cardiff"]
[Date "2023.04.08"]
[Round "3.13"]
[White "Binesmael, Mohamed"]
[Black "Mba, Reginald"]
[Result "0-1"]
[WhiteElo "1553"]
[BlackElo "1811"]
[PlyCount "54"]
[EventDate "2023.04.07"]
[SourceVersionDate "2023.04.15"]

1. e4 c6 2. d4 d5 3. Nc3 dxe4 4. f3 Qb6 5. fxe4 e5 6. Nge2 Nf6 7. h3 Bb4 8. a3 Bxc3+ 9. bxc3 Nxe4 10. g4 O-O 11. Qd3 f5 12. Bg2 exd4 13. Nxd4 Qc5 14. Bb2 Qe5 15. O-O-O Nf2 16. Qc4+ Kh8 17. Rhe1 Qf4+ 18. Rd2 fxg4 19. hxg4 Bxg4 20. Qb4 Nd7 21. Qxb7 Ne5 22. c4 Rab8 23. Qa6 Rxb2 24. Kxb2 Qxd2 25. Rf1 Qxd4+ 26. Kc1 Nxc4 27. Be4 Qa1# 0-1

[Event "2023 Welsh Open"]
[Site "Cardiff"]
[Date "2023.04.08"]
[Round "3.14"]
[White "Thomas, Mark"]
[Black "Fowler, Caspian"]
[Result "0-1"]
[WhiteElo "1789"]
[BlackElo "1546"]
[PlyCount "76"]
[EventDate "2023.04.07"]
[SourceVersionDate "2023.04.16"]

1. e4 e5 2. Nf3 Nc6 3. Bb5 a6 4. Ba4 Nf6 5. d3 b5 6. Bb3 Bc5 7. c3 d6 8. Nbd2 O-O 9. a4 Rb8 10. O-O Bb6 11. axb5 axb5 12. h3 Ne7 13. Re1 Ng6 14. Nf1 h6 15. Ng3 Be6 16. d4 Qc8 17. Bxe6 fxe6 18. Be3 Nd7 19. Nh2 Nf4 20. Nh5 Nxh5 21. Qxh5 exd4 22. cxd4 Qe8 23. Qh4 Qg6 24. f3 Ra8 25. Qf2 c5 26. Qd2 e5 27. Rxa8 Rxa8 28. dxe5 Qe6 29. exd6 Ba5 30. Qd1 Bxe1 31. Qxe1 Qxd6 32. Ng4 Ne5 33. Nf2 Nc4 34. Bc1 Ra1 35. b3 Ne5 36. f4 Nd3 37. Nxd3 Qxd3 38. Kh2 Qc2 0-1

[Event "2023 Welsh Open"]
[Site "Cardiff"]
[Date "2023.04.08"]
[Round "3.15"]
[White "Graczyk, Piotr"]
[Black "Bridges, Paul"]
[Result "1-0"]
[WhiteElo "1524"]
[BlackElo "1751"]
[PlyCount "73"]
[EventDate "2023.04.07"]
[SourceVersionDate "2023.04.16"]

1. Nf3 d5 2. d4 e6 3. c4 c6 4. a3 f5 5. cxd5 exd5 6. Bf4 Nf6 7. h3 Be7 8. e3 O-O 9. Nbd2 Ne4 10. Be2 Bd6 11. Bxd6 Qxd6 12. Nxe4 fxe4 13. Ne5 Nd7 14. Ng4 Nf6 15. f4 exf3 16. gxf3 Re8 17. Qd3 Nxg4 18. hxg4 g6 19. Kd2 b6 20. Rac1 Bd7 21. f4 Re7 22. Rh3 Rae8 23. Rg1 c5 24. Rgg3 cxd4 25. Qxd4 Re4 26. Qd3 d4 27. Kc1 Qc5+ 28. Kb1 Bc8 29. f5 Rxe3 30. Rxe3 Rxe3 31. Rxe3 dxe3 32. Qd8+ Kg7 33. f6+ Kf7 34. Qh8 Qc6 35. Qg7+ Ke6 36. Qe7+ Kd5 37. Bf3+ 1-0

[Event "2023 Welsh Open"]
[Site "Cardiff"]
[Date "2023.04.08"]
[Round "3.16"]
[White "Beeston, Darson"]
[Black "Greco, Joseph"]
[Result "0-1"]
[WhiteElo "1523"]
[BlackElo "1730"]
[PlyCount "124"]
[EventDate "2023.04.07"]
[SourceVersionDate "2023.04.16"]

1. e4 c5 2. Nc3 Nc6 3. f4 d6 4. Nf3 Nf6 5. Bb5 Bd7 6. d3 e6 7. O-O Be7 8. Qe1 Nb4 9. Bxd7+ Qxd7 10. Qd2 Rc8 11. a3 Na6 12. h3 b5 13. e5 dxe5 14. Nxe5 Qb7 15. Qf2 b4 16. Ne2 O-O 17. Be3 Nd5 18. Qf3 f6 19. Nc4 b3 20. c3 Rfd8 21. Ng3 Rc7 22. f5 Nxe3 23. Qxe3 e5 24. Rad1 Rcd7 25. Qf3 Qc7 26. Rd2 Nb8 27. Rfd1 Nc6 28. Qg4 Kh8 29. Nh5 Bf8 30. Ng3 Ne7 31. Ne3 Qa5 32. Nc4 Qa6 33. Ne4 Nd5 34. Ng3 Nf4 35. Qf3 Qc8 36. Ne4 Rd5 37. Kh2 Qd7 38. Nf2 Qf7 39. g3 Nh5 40. Ne3 R5d7 41. Nc4 g6 42. Ng4 gxf5 43. Qxf5 Qg6 44. Qxg6 hxg6 45. Na5 Rb8 46. Nc4 Kg7 47. Kg2 Bd6 48. Nxd6 Rxd6 49. c4 Rbd8 50. Kf3 e4+ 51. Kxe4 f5+ 52. Kf3 fxg4+ 53. Kxg4 Rd4+ 54. Kg5 Nxg3 55. Re1 Ne4+ 56. dxe4 Rxd2 57. e5 Rxb2 58. e6 Re8 59. Re5 Rg2+ 60. Kf4 b2 61. Rxc5 b1=Q 62. Rc7+ Kh6 0-1

[Event "2023 Welsh Open"]
[Site "Cardiff"]
[Date "2023.04.08"]
[Round "3.17"]
[White "Dixon, Chris"]
[Black "Jansen Van Rensberg, Leon"]
[Result "1/2-1/2"]
[WhiteElo "1700"]
[BlackElo "1512"]
[PlyCount "46"]
[EventDate "2023.04.07"]
[SourceVersionDate "2023.04.16"]

1. Nf3 Nf6 2. g3 d5 3. Bg2 c5 4. O-O Nc6 5. d4 e6 6. c4 h6 7. cxd5 Qxd5 8. Ne5 Qd6 9. Nxc6 bxc6 10. Qa4 Bd7 11. dxc5 Qxc5 12. Be3 Qb5 13. Qc2 Nd5 14. Bd2 Qc5 15. Qxc5 Bxc5 16. Rc1 Bb6 17. Nc3 O-O 18. Na4 Bd4 19. e3 Bf6 20. e4 Nb6 21. Nxb6 axb6 22. Bc3 e5 23. Rd1 Be6 1/2-1/2

[Event "2023 Welsh Open"]
[Site "Cardiff"]
[Date "2023.04.08"]
[Round "3.18"]
[White "Blackmore, Simon"]
[Black "Browse, Joseph"]
[Result "0-1"]
[WhiteElo "1599"]
[BlackElo "1473"]
[PlyCount "56"]
[EventDate "2023.04.07"]
[SourceVersionDate "2023.04.16"]

1. e4 c6 2. Nf3 d5 3. exd5 cxd5 4. d4 Nf6 5. c3 Nc6 6. Bg5 Ne4 7. Bd3 Bg4 8. Nbd2 Nxg5 9. Qb3 Nxf3+ 10. Nxf3 Rb8 11. Ng5 g6 12. Qc2 e6 13. h4 Bf5 14. Bxf5 gxf5 15. Qe2 h6 16. Qh5 Qf6 17. Nh3 Bd6 18. O-O-O f4 19. Rde1 Kd7 20. Re2 Rbc8 21. Kb1 Qg6+ 22. Qxg6 fxg6 23. Rhe1 Rce8 24. f3 Rhg8 25. Nf2 h5 26. Nh3 Re7 27. Ng5 Rge8 28. Kc2 e5 0-1

[Event "2023 Welsh Open"]
[Site "Cardiff"]
[Date "2023.04.08"]
[Round "3.19"]
[White "Reid, David Lawson"]
[Black "Wilmot, Daniel"]
[Result "0-1"]
[WhiteElo "1387"]
[BlackElo "1644"]
[PlyCount "120"]
[EventDate "2023.04.07"]
[SourceVersionDate "2023.04.16"]

1. e4 e5 2. Nf3 Nc6 3. Bc4 Bc5 4. c3 Nf6 5. d3 h6 6. O-O O-O 7. h3 d6 8. Bb3 Be6 9. Bc2 d5 10. Qe2 d4 11. Nbd2 Qe7 12. b4 Bb6 13. b5 dxc3 14. bxc6 cxd2 15. Bxd2 bxc6 16. Nxe5 Bd4 17. Nxc6 Qc5 18. Nxd4 Qxd4 19. Be3 Qc3 20. Rfc1 Rfd8 21. Qd2 Nxe4 22. Qxc3 Nxc3 23. Kf1 Nxa2 24. Rd1 Nc3 25. Rd2 a5 26. d4 Bc4+ 27. Bd3 Bxd3+ 28. Rxd3 Nd5 29. Rda3 Nxe3+ 30. fxe3 Rd5 31. Ke2 f5 32. Kd3 Kf7 33. Kc4 c6 34. Rb1 Ra6 35. Rf1 Rb6 36. e4 Rb4+ 37. Kc3 Rdxd4 38. Rxf5+ Kg6 39. Raxa5 Rbc4+ 40. Kb3 Rxe4 41. Rfc5 Rxc5 42. Rxc5 Re6 43. Kb4 h5 44. Ka5 h4 45. Kb6 Kf6 46. Rc4 g5 47. Rg4 Kf5 48. Kc5 Re4 49. Rxe4 Kxe4 50. Kxc6 Kf4 51. Kd5 Kg3 52. Ke4 Kxg2 53. Kf5 Kxh3 54. Kxg5 Kg3 55. Kh5 h3 56. Kh6 h2 57. Kh5 h1=Q+ 58. Kg6 Qf3 59. Kg7 Qf5 60. Kh8 Qd7 0-1

[Event "2023 Welsh Open"]
[Site "Cardiff"]
[Date "2023.04.08"]
[Round "3.21"]
[White "Prabhu, Vismuth"]
[Black "Jones, Jeremy"]
[Result "1-0"]
[WhiteElo "1349"]
[BlackElo "1580"]
[PlyCount "115"]
[EventDate "2023.04.07"]
[SourceVersionDate "2023.04.16"]

1. d4 d5 2. c4 c6 3. Nf3 Nf6 4. Nc3 Bf5 5. Qb3 b6 6. e3 e6 7. cxd5 exd5 8. Bd2 Be7 9. Rc1 O-O 10. Ne2 c5 11. Ng3 c4 12. Qd1 Bg6 13. Ne5 Nfd7 14. Nxg6 hxg6 15. e4 Nc6 16. exd5 Nxd4 17. Bxc4 Ne5 18. Be3 Bb4+ 19. Kf1 Nf5 20. Nxf5 gxf5 21. a3 Nxc4 22. Rxc4 Bd6 23. Qc2 Rc8 24. g3 Rxc4 25. Qxc4 Qd7 26. Kg2 Rc8 27. Qd3 g6 28. Rd1 Be5 29. Rd2 Bd6 30. Rc2 Rc7 31. Rxc7 Qxc7 32. Bd4 Bf8 33. Qc3 Qxc3 34. Bxc3 Bg7 35. Kf3 Bh6 36. d6 Kf8 37. a4 Ke8 38. a5 Kd7 39. axb6 axb6 40. Bb4 Bg7 41. Ba3 Be5 42. h4 Bxd6 43. Bxd6 Kxd6 44. g4 fxg4+ 45. Kxg4 f6 46. f4 Ke7 47. f5 Kf7 48. fxg6+ Kxg6 49. h5+ Kh6 50. Kf5 b5 51. Kxf6 b4 52. Ke5 Kxh5 53. Kd4 b3 54. Kc3 Kg6 55. Kxb3 Kf7 56. Kc4 Ke7 57. Kb5 Kd7 58. Ka6 1-0

[Event "2023 Welsh Open"]
[Site "Cardiff"]
[Date "2023.04.08"]
[Round "3.22"]
[White "Enoch, Kristan"]
[Black "Williams, Stephen"]
[Result "0-1"]
[WhiteElo "1111"]
[BlackElo "1569"]
[PlyCount "43"]
[EventDate "2023.04.07"]
[SourceVersionDate "2023.04.17"]

1. Nf3 Nf6 2. d4 d5 3. c4 c6 4. Nc3 g6 5. Bg5 Bg7 6. Qd2 Ne4 7. Nxe4 dxe4 8. Ng1 Qxd4 9. Rd1 Qxd2+ 10. Rxd2 h6 11. Bh4 Nd7 12. e3 Ne5 13. Be2 Bf5 14. Rc2 Rd8 15. Nh3 Nf3+ 16. gxf3 exf3 17. Rd2 Rxd2 18. Kxd2 fxe2 19. Nf4 g5 20. Nh5 Bxb2 21. Bg3 O-O 22. Rb1 0-1

[Event "2023 Welsh Open"]
[Site "Cardiff"]
[Date "2023.04.08"]
[Round "3.23"]
[White "Buttell, David"]
[Black "Mason, Ed"]
[Result "1-0"]
[WhiteElo "1691"]
[BlackElo "1361"]
[PlyCount "49"]
[EventDate "2023.04.07"]
[SourceVersionDate "2023.04.17"]

1. d4 d5 2. c4 c6 3. Nf3 Nf6 4. Nc3 dxc4 5. a4 Bg4 6. e3 e6 7. Bxc4 Nbd7 8. O-O Bb4 9. Qe2 Bxc3 10. bxc3 Ne4 11. Ba3 Qf6 12. Rac1 Ng5 13. Bd6 Nxf3+ 14. gxf3 Bh3 15. Kh1 Bxf1 16. Rxf1 e5 17. Ba3 b6 18. f4 e4 19. Qc2 Qf5 20. Rg1 Nf6 21. Rg5 Qh3 22. Be2 O-O-O 23. Be7 Rde8 24. Bxf6 gxf6 25. Bg4+ 1-0

[Event "2023 Welsh Open"]
[Site "Cardiff"]
[Date "2023.04.08"]
[Round "3.24"]
[White "Hammett, Scott"]
[Black "Smith, Chris"]
[Result "1/2-1/2"]
[WhiteElo "1283"]
[BlackElo "1460"]
[PlyCount "63"]
[EventDate "2023.04.07"]
[SourceVersionDate "2023.04.17"]

1. d4 Nf6 2. e3 e6 3. f4 c5 4. c3 b6 5. Nf3 Bb7 6. Be2 Be7 7. O-O O-O 8. Bd2 d5 9. Be1 Ne4 10. Nbd2 Nxd2 11. Qxd2 Nd7 12. Bd3 Nf6 13. Bh4 Ne4 14. Bxe4 Bxh4 15. Bc2 Be7 16. Qd3 g6 17. Ne5 Qc8 18. Rf3 Ba6 19. Qd2 cxd4 20. exd4 Qc7 21. Qf2 Rac8 22. Qg3 Bf6 23. h4 Bxe5 24. fxe5 Qe7 25. Rf6 b5 26. Bd3 Qb7 27. h5 b4 28. Bxa6 Qxa6 29. hxg6 fxg6 30. Rxg6+ hxg6 31. Qxg6+ Kh8 32. Qh6+ 1/2-1/2

[Event "2023 Welsh Open"]
[Site "Cardiff"]
[Date "2023.04.08"]
[Round "3.25"]
[White "White, Sam"]
[Black "Dasselaar, Bernard"]
[Result "1-0"]
[WhiteElo "1444"]
[BlackElo "1297"]
[PlyCount "71"]
[EventDate "2023.04.07"]
[SourceVersionDate "2023.04.17"]

1. d4 Nf6 2. Nf3 e6 3. Bg5 h6 4. Bh4 c5 5. Bxf6 Qxf6 6. e3 Nc6 7. c3 cxd4 8. exd4 d6 9. Bd3 b6 10. O-O Bb7 11. Nbd2 e5 12. d5 Ne7 13. Ne4 Qg6 14. Nc5 f5 15. Nxb7 e4 16. Bb5+ Kf7 17. Nh4 Qf6 18. g3 g5 19. Qh5+ Kg7 20. Ng2 Ng6 21. Ne3 Ne5 22. Qe2 Nf3+ 23. Kh1 h5 24. Bd7 Rb8 25. Nxf5+ Kg6 26. Qxe4 Nd2 27. Qd3 Nxf1 28. Rxf1 Rh7 29. Nfxd6+ Kh6 30. Nf5+ Kg6 31. Be6 Rh8 32. Nfd6+ Kg7 33. Nf5+ Kg6 34. Qd4 Qxd4 35. Nxd4 Rh6 36. Kg2 1-0

[Event "2023 Welsh Open"]
[Site "Cardiff"]
[Date "2023.04.08"]
[Round "3.27"]
[White "Head, Elliott"]
[Black "Sharhorodsky, Yaroslav"]
[Result "1-0"]
[WhiteElo "1168"]
[BlackElo "1476"]
[PlyCount "57"]
[EventDate "2023.04.07"]
[SourceVersionDate "2023.04.17"]

1. e4 c6 2. d4 d5 3. exd5 cxd5 4. Bd3 Nc6 5. c3 Nf6 6. Nf3 Bg4 7. O-O e6 8. Bg5 Be7 9. Nbd2 Qb6 10. Qc2 Bh5 11. Rfe1 Bg6 12. Bxg6 hxg6 13. Bf4 O-O-O 14. a4 Bd6 15. Ne5 Bxe5 16. dxe5 Ng4 17. Nf3 Rh5 18. h3 Nh6 19. Nd4 Nxd4 20. cxd4+ Kb8 21. Rac1 Nf5 22. Red1 g5 23. Bh2 Rh4 24. g4 Ne7 25. Kg2 Rdh8 26. Rd3 Nc6 27. Qd2 Qb4 28. Qxg5 Nxd4 29. Qf4 1-0

[Event "2023 Welsh Open"]
[Site "Cardiff"]
[Date "2023.04.08"]
[Round "3.28"]
[White "Ilett, Tomos"]
[Black "Woodcock, Louise"]
[Result "0-1"]
[WhiteElo "950"]
[BlackElo "1280"]
[PlyCount "78"]
[EventDate "2023.04.07"]
[SourceVersionDate "2023.04.18"]

1. e4 d6 2. Nf3 f5 3. Nc3 e5 4. d3 Nf6 5. Bg5 Be7 6. Qe2 O-O 7. O-O-O a5 8. Bxf6 Bxf6 9. h3 c6 10. d4 Qe7 11. g3 b5 12. d5 fxe4 13. Qxe4 Bb7 14. Bd3 g6 15. h4 a4 16. a3 b4 17. Na2 bxa3 18. bxa3 cxd5 19. Qg4 e4 20. Rde1 Qd7 21. Qxd7 Nxd7 22. Bb5 d4 23. Bxd7 e3 24. Be6+ Kg7 25. Bg4 h5 26. Bh3 exf2 27. Ref1 Bxf3 28. Rh2 Be5 29. Rhxf2 Bg4 30. Bxg4 Rxf2 31. Rxf2 hxg4 32. Rg2 Kf6 33. Nb4 Kf5 34. Nd5 Ke4 35. Nb6 Ra6 36. Nc4 Kf3 37. Rd2 Kxg3 38. Nxe5 dxe5 39. Kd1 Kxh4 0-1

[Event "2023 Welsh Open"]
[Site "Cardiff"]
[Date "2023.04.08"]
[Round "4.1"]
[White "Cave, Iwan"]
[Black "Matejovsky, Ondrej"]
[Result "1-0"]
[WhiteElo "1711"]
[BlackElo "1936"]
[Annotator "Paul,Hatchett"]
[PlyCount "69"]
[EventDate "2023.04.07"]
[EventRounds "7"]
[EventCountry "WLS"]

1. e4 {[%emt 0:00:03]} e5 {[%emt 0:00:08]} 2. Nf3 {[%emt 0:00:06]} Nf6 {[%emt 0:00:03]} 3. Nxe5 {[%emt 0:00:09]} d6 {[%emt 0:00:04]} 4. Nf3 {[%emt 0:00:06]} Nxe4 {[%emt 0:00:05]} 5. d4 {[%emt 0:00:07]} d5 {[%emt 0:00:05]} 6. Bd3 {[%emt 0:00:05]} Bd6 {[%emt 0:00:05]} 7. O-O {[%emt 0:00:17]} O-O {[%emt 0:00:29]} 8. c4 {[%emt 0:01:38]} c6 {[%emt 0:01:06]} 9. Re1 {[%emt 0:00:13]} Re8 {[%emt 0:01:31]} 10. Nc3 {[%emt 0:00:40]} Nxc3 {[%emt 0:04:51]} 11. bxc3 {[%emt 0:00:15]} Rxe1+ {[%emt 0:02:55]} 12. Qxe1 {[%emt 0:00:31]} Bg4 {[%emt 0:02:05]} 13. Bg5 {[%emt 0:03:07]} f6 {[%emt 0:09:57]} 14. Bd2 {[%emt 0:00:10]} Qd7 {[%emt 0:04:57]} 15. c5 {[%emt 0:12:22]} Bf8 {[%emt 0:13:38]} 16. Rb1 {[%emt 0:07:39]} Qc8 {[%emt 0:08:29]} 17. a4 {[%emt 0:18:31]} b6 {[%emt 0:08:30]} 18. cxb6 {[%emt 0:05:37]} axb6 {[%emt 0:00:09]} 19. Rxb6 {[%emt 0:00:24]} Nd7 {[%emt 0:05:22]} 20. Rb2 {[%emt 0:01:25]} Rxa4 {[%emt 0:01:34]} 21. h3 {[%emt 0:07:18]} Bh5 {[%emt 0:09:52]} 22. Bf5 {[%emt 0:01:08]} Bf7 {[%emt 0:05:43]} 23. Bf4 {[%emt 0:13:25]} g6 {[%emt 0:02:23]} 24. Rb8 {[%emt 0:02:33]} Qxb8 {[%emt 0:03:29]} 25. Bxb8 {[%emt 0:00:10]} Nxb8 {[%emt 0:02:05]} 26. Bc8 {[%emt 0:01:37]} Ra7 {[%emt 0:03:23]} 27. Qb1 {[%emt 0:02:59]} Bd6 {[%emt 0:00:24]} 28. g3 {[%emt 0:00:49]} Re7 {[%emt 0:03:11]} 29. Qb6 {[%emt 0:03:47]} Kg7 {[%emt 0:02:28]} 30. Qd8 {[%emt 0:06:09]} Re8 {[%emt 0:02:54]} 31. Qxd6 {[%emt 0:00:44]} Rxc8 {[%emt 0:00:03]} 32. Nd2 {[%emt 0:01:34]} Re8 {[%emt 0:03:01]} 33. Nb3 {[%emt 0:01:26]} Be6 {[%emt 0:01:26]} 34. g4 {[%emt 0:01:27]} Kf7 {[%emt 0:00:15]} 35. Nc5 {[%emt 0:00:21]} 1-0

[Event "2023 Welsh Open"]
[Site "Cardiff"]
[Date "2023.04.08"]
[Round "4.2"]
[White "Rovaretti, David"]
[Black "Yoganand"]
[Result "0-1"]
[WhiteElo "1641"]
[BlackElo "2178"]
[Annotator "Paul,Hatchett"]
[PlyCount "72"]
[EventDate "2023.04.07"]
[EventRounds "7"]
[EventCountry "WLS"]

1. e4 {[%emt 0:00:05]} c6 {[%emt 0:00:18]} 2. d4 {[%emt 0:00:29]} d5 {[%emt 0:00:08]} 3. exd5 {[%emt 0:02:11]} cxd5 {[%emt 0:00:21]} 4. Bd3 {[%emt 0:00:21]} Nf6 {[%emt 0:00:44]} 5. c3 {[%emt 0:01:43]} e6 {[%emt 0:02:19]} 6. Nf3 {[%emt 0:02:33]} Be7 {[%emt 0:02:41]} 7. O-O {[%emt 0:00:17]} Nbd7 {[%emt 0:00:46]} 8. Qc2 {[%emt 0:00:59]} Qc7 {[%emt 0:01:23]} 9. Re1 {[%emt 0:02:24]} h6 {[%emt 0:02:32]} 10. h3 {[%emt 0:00:25]} a6 {[%emt 0:01:23]} 11. a4 {[%emt 0:05:25]} O-O {[%emt 0:02:41]} 12. Bd2 {[%emt 0:01:27]} b6 {[%emt 0:00:54]} 13. Qc1 {[%emt 0:02:11]} Ne4 {[%emt 0:16:46]} 14. Bxe4 {[%emt 0:00:27]} dxe4 {[%emt 0:00:04]} 15. Rxe4 {[%emt 0:00:20]} Nf6 {[%emt 0:01:14]} 16. Bf4 {[%emt 0:09:53]} Bd6 {[%emt 0:04:08]} 17. Bxd6 {[%emt 0:01:18]} Qxd6 {[%emt 0:00:02]} 18. Re1 {[%emt 0:15:58]} Bb7 {[%emt 0:00:59]} 19. Nbd2 {[%emt 0:02:34]} Rac8 {[%emt 0:01:39]} 20. Qd1 {[%emt 0:01:05]} Nd5 {[%emt 0:01:10]} 21. Ne4 {[%emt 0:04:40]} Qe7 {[%emt 0:02:39]} 22. Ne5 {[%emt 0:00:39]} Nf4 {[%emt 0:04:19]} 23. Qg4 {[%emt 0:02:55]} f5 {[%emt 0:01:10]} 24. Qxf4 {[%emt 0:02:19]} fxe4 {[%emt 0:00:27]} 25. Qg3 {[%emt 0:00:40]} Rf5 {[%emt 0:00:59]} 26. Qe3 {[%emt 0:06:04]} Kh7 {[%emt 0:09:40]} 27. g4 {[%emt 0:14:04]} Rf6 {[%emt 0:02:21]} 28. Kh2 {[%emt 0:01:03]} Rcf8 {[%emt 0:01:17]} 29. Re2 {[%emt 0:00:55]} Rf3 {[%emt 0:01:18]} 30. Nxf3 {[%emt 0:03:01]} Rxf3 {[%emt 0:00:03]} 31. Qc1 {[%emt 0:00:15]} Qh4 {[%emt 0:02:04]} 32. Qf1 {[%emt 0:00:16]} e3 {[%emt 0:00:15]} 33. Ra3 {[%emt 0:10:58]} exf2 {[%emt 0:02:30]} 34. d5 {[%emt 0:04:12]} Qg3+ {[%emt 0:01:35]} 35. Kh1 {[%emt 0:00:02]} Bxd5 {[%emt 0:00:20]} 36. c4 {[%emt 0:00:59]} Bb7 {[%emt 0:04:05]} 0-1

[Event "2023 Welsh Open"]
[Site "Cardiff"]
[Date "2023.04.08"]
[Round "4.3"]
[White "Parri, Deio"]
[Black "Havard, Gwyn"]
[Result "1/2-1/2"]
[WhiteElo "1597"]
[BlackElo "1889"]
[Annotator "Paul,Hatchett"]
[PlyCount "57"]
[EventDate "2023.04.07"]
[EventRounds "7"]
[EventCountry "WLS"]

1. d4 {[%emt 0:00:02]} Nf6 {[%emt 0:00:10]} 2. c4 {[%emt 0:00:07]} e6 {[%emt 0:00:05]} 3. Nc3 {[%emt 0:00:11]} Bb4 {[%emt 0:00:12]} 4. a3 {[%emt 0:00:52]} Bxc3+ {[%emt 0:00:09]} 5. bxc3 {[%emt 0:00:09]} b6 {[%emt 0:00:31]} 6. Bg5 {[%emt 0:01:52]} Bb7 {[%emt 0:00:36]} 7. Nf3 {[%emt 0:00:25]} d5 {[%emt 0:00:25]} 8. e3 {[%emt 0:00:15]} O-O {[%emt 0:00:53]} 9. Bd3 {[%emt 0:00:26]} Nbd7 {[%emt 0:02:17]} 10. O-O {[%emt 0:00:31]} h6 {[%emt 0:00:19]} 11. Bh4 {[%emt 0:00:09]} c5 {[%emt 0:01:26]} 12. Ne5 {[%emt 0:03:38]} Qc8 {[%emt 0:04:21]} 13. Nxd7 {[%emt 0:02:39]} Nxd7 {[%emt 0:02:12]} 14. cxd5 {[%emt 0:02:36]} Bxd5 {[%emt 0:04:48]} 15. e4 {[%emt 0:04:26]} Bb7 {[%emt 0:00:48]} 16. Rc1 {[%emt 0:00:11]} Ba6 {[%emt 0:03:58]} 17. e5 {[%emt 0:17:36]} Bxd3 {[%emt 0:01:47]} 18. Qxd3 {[%emt 0:00:06]} f5 {[%emt 0:10:56]} 19. f4 {[%emt 0:01:38]} Rf7 {[%emt 0:03:13]} 20. d5 {[%emt 0:01:24]} c4 {[%emt 0:02:05]} 21. Qf3 {[%emt 0:01:35]} Nc5 {[%emt 0:02:32]} 22. Rfd1 {[%emt 0:03:27]} Ne4 {[%emt 0:06:57]} 23. dxe6 {[%emt 0:07:27]} Qxe6 {[%emt 0:00:41]} 24. Rd4 {[%emt 0:01:26]} Rc8 {[%emt 0:04:54]} 25. Rcd1 {[%emt 0:01:07]} g5 {[%emt 0:01:01]} 26. fxg5 {[%emt 0:04:36]} hxg5 {[%emt 0:00:27]} 27. Bg3 {[%emt 0:09:25]} g4 {[%emt 0:05:37]} 28. Qf4 {[%emt 0:01:50]} Re8 {[%emt 0:06:23]} 29. Qe3 {[%emt 0:07:49]} 1/2-1/2

[Event "2023 Welsh Open"]
[Site "Cardiff"]
[Date "2023.04.08"]
[Round "4.4"]
[White "Wu, Yuxuan"]
[Black "Gibbs, Dominic V"]
[Result "0-1"]
[WhiteElo "1577"]
[BlackElo "1848"]
[Annotator "Paul,Hatchett"]
[PlyCount "50"]
[EventDate "2023.04.07"]
[EventRounds "7"]
[EventCountry "WLS"]

1. d4 e6 {[%emt 0:00:05]} 2. c4 {[%emt 0:00:04]} f5 {[%emt 0:00:04]} 3. Bf4 {[%emt 0:00:57]} Nf6 {[%emt 0:00:17]} 4. Nf3 {[%emt 0:00:12]} b6 {[%emt 0:01:33]} 5. h4 {[%emt 0:01:54]} Bb7 {[%emt 0:00:35]} 6. e3 {[%emt 0:00:25]} Bb4+ {[%emt 0:00:56]} 7. Nc3 {[%emt 0:01:23]} c5 {[%emt 0:04:08]} 8. a3 {[%emt 0:02:12]} Bxc3+ {[%emt 0:00:13]} 9. bxc3 {[%emt 0:00:06]} d6 {[%emt 0:01:51]} 10. Bd3 {[%emt 0:07:36]} Qe7 {[%emt 0:06:44]} 11. Qc2 {[%emt 0:01:41]} Nbd7 {[%emt 0:05:25]} 12. Bh2 {[%emt 0:04:10]} O-O {[%emt 0:04:15]} 13. d5 {[%emt 0:07:59]} exd5 {[%emt 0:01:10]} 14. cxd5 {[%emt 0:01:21]} Bxd5 {[%emt 0:08:10]} 15. Bxf5 {[%emt 0:01:19]} Ne4 {[%emt 0:04:22]} 16. Bxd7 {[%emt 0:02:53]} Qxd7 {[%emt 0:00:37]} 17. Rd1 {[%emt 0:02:01]} Qe6 {[%emt 0:07:02]} 18. Ng5 {[%emt 0:21:09]} Nxg5 {[%emt 0:03:48]} 19. hxg5 {[%emt 0:00:20]} Bxg2 {[%emt 0:04:40]} 20. Rg1 {[%emt 0:02:20]} Be4 {[%emt 0:04:30]} 21. Qa4 {[%emt 0:06:12]} d5 {[%emt 0:01:11]} 22. Bf4 {[%emt 0:00:27]} Rxf4 {[%emt 0:01:39]} 23. g6 {[%emt 0:04:20]} h6 {[%emt 0:04:03]} 24. Rxd5 {[%emt 0:02:03]} Qxd5 {[%emt 0:01:40]} 25. exf4 {[%emt 0:00:51]} Rd8 {[%emt 0:07:15]} 0-1